[Event "FIDE Womens Grand Prix 2019-20"]
[Site "Skolkovo"]
[Date "2019.09.21"]
[Round "10.2"]
[White "Cramling, Pia"]
[Black "Kosteniuk, Alexandra"]
[Result "0-1"]
[WhiteElo "2487"]
[BlackElo "2495"]
[Annotator "ChessBase"]
[PlyCount "68"]
[EventDate "2019.09.11"]
[EventType "tourn"]
[EventCountry "RUS"]
[SourceTitle "playchess.com"]
[Source "ChessBase"]
[SourceQuality "1"]
[TimeControl "40/5400+30:1800+30"]

1. Nf3 {[%emt 0:00:00]} d5 {[%emt 0:00:00]} 2. d4 {[%emt 0:00:00]} Nf6 {[%emt 0:00:00]} 3. c4 {[%emt 0:00:06]} e6 {[%emt 0:00:00]} 4. g3 {[%emt 0:00:10]} dxc4 {[%emt 0:00:00]} 5. Bg2 {[%emt 0:00:08]} a6 {[%emt 0:00:14]} 6. O-O {[%emt 0:00:33]} Nc6 {[%emt 0:00:05]} 7. e3 {[%emt 0:00:12]} Rb8 {[%emt 0:00:09]} 8. Qe2 {[%emt 0:00:45]} b5 {[%emt 0:00:13]} 9. b3 {[%emt 0:00:11]} cxb3 {[%emt 0:00:06]} 10. axb3 {[%emt 0:00:04]} Bd6 {[%emt 0:00:10]} 11. Bd2 {[%emt 0:00:26]} O-O {[%emt 0:00:15]} 12. Rc1 {[%emt 0:00:11]} Rb6 {[%emt 0:00:07]} 13. Ne1 {[%emt 0:10:38]} Bb7 {[%emt 0:00:53]} 14. Nd3 {[%emt 0:00:50]} Qa8 {[%emt 0:00:09]} 15. Qf1 {[%emt 0:07:01]} Ne7 {[%emt 0:01:11]} 16. Ba5 {[%emt 0:03:34]} Bxg2 {[%emt 0:00:51]} 17. Qxg2 {[%emt 0:00:06]} Rc6 {[%emt 0:09:03]} 18. Nd2 {[%emt 0:02:30]} Rxc1+ {[%emt 0:06:58]} 19. Rxc1 {[%emt 0:00:25]} Qa7 {[%emt 0:01:04]} 20. Nc5 {[%emt 0:14:04]} c6 {[%emt 0:07:16]} 21. Nde4 {[%emt 0:10:27]} Nxe4 {[%emt 0:00:44]} 22. Qxe4 {[%emt 0:06:05]} Nd5 {[%emt 0:10:16]} 23. Qg4 {[%emt 0:08:14]} Qe7 {[%emt 0:03:55]} 24. Qd1 {[%emt 0:06:11]} f5 {[%emt 0:08:02]} 25. Nxa6 {[%emt 0:09:27]} f4 {[%emt 0:01:30]} 26. exf4 {[%emt 0:00:12]} Nxf4 {[%emt 0:00:59]} 27. Be1 {[%emt 0:00:40]} Qg5 {[%emt 0:00:25]} 28. Rc2 {[%emt 0:00:53]} Nh3+ {[%emt 0:10:00]} 29. Kg2 {[%emt 0:00:18]} Qd5+ {[%emt 0:01:07]} 30. f3 {[%emt 0:04:19]} Ng5 {[%emt 0:06:00]} 31. Rf2 {[%emt 0:00:10]} c5 {[%emt 0:01:29]} 32. Bd2 {[%emt 0:06:47]} Qxd4 {[%emt 0:09:37]} 33. Qe2 {[%emt 0:00:37]} Nf7 {[%emt 0:00:06]} 34. Qxe6 {[%emt 0:02:56]} Qa1 {[%emt 0:00:13]} 0-1

[Event "FIDE Womens Grand Prix 2019-20"]
[Site "Skolkovo"]
[Date "2019.09.21"]
[Round "10.3"]
[White "Stefanova, Antoaneta"]
[Black "Kashlinskaya, Alina"]
[Result "0-1"]
[WhiteElo "2491"]
[BlackElo "2487"]
[Annotator "ChessBase"]
[PlyCount "60"]
[EventDate "2019.09.11"]
[EventType "tourn"]
[EventCountry "RUS"]
[SourceTitle "playchess.com"]
[Source "ChessBase"]
[SourceQuality "1"]
[TimeControl "40/5400+30:1800+30"]

1. d4 {[%emt 0:00:00]} d5 {[%emt 0:00:00]} 2. c4 {[%emt 0:00:00]} dxc4 {[%emt 0:00:00]} 3. Nf3 {[%emt 0:04:13]} Nf6 {[%emt 0:00:00]} 4. e3 {[%emt 0:00:23]} Bg4 {[%emt 0:00:08]} 5. Bxc4 {[%emt 0:12:03]} e6 {[%emt 0:00:09]} 6. h3 {[%emt 0:09:20]} Bh5 {[%emt 0:00:36]} 7. Qb3 {[%emt 0:05:09]} Bxf3 {[%emt 0:02:37]} 8. gxf3 {[%emt 0:00:04]} c5 {[%emt 0:02:40]} 9. Qxb7 {[%emt 0:07:06]} Nbd7 {[%emt 0:00:40]} 10. d5 {[%emt 0:08:37]} Rb8 {[%emt 0:06:42]} 11. Qxa7 {[%emt 0:01:30]} exd5 {[%emt 0:00:26]} 12. Be2 {[%emt 0:00:15]} c4 {[%emt 0:08:40]} 13. Qd4 {[%emt 0:09:28]} Bc5 {[%emt 0:02:26]} 14. Qh4 {[%emt 0:02:03]} O-O {[%emt 0:00:56]} 15. Rg1 {[%emt 0:02:40]} Re8 {[%emt 0:01:48]} 16. Nd2 {[%emt 0:09:18]} Qa5 {[%emt 0:04:17]} 17. a3 {[%emt 0:17:43]} c3 {[%emt 0:16:02]} 18. b4 {[%emt 0:00:05]} Qa4 {[%emt 0:12:14]} 19. Bd1 {[%emt 0:05:04]} c2 {[%emt 0:01:32]} 20. Be2 {[%emt 0:00:01]} Rxb4 {[%emt 0:03:02]} 21. axb4 {[%emt 0:02:14]} Qxa1 {[%emt 0:00:10]} 22. Nb3 {[%emt 0:00:06]} Qc3+ {[%emt 0:03:21]} 23. Kf1 {[%emt 0:00:05]} Bxb4 {[%emt 0:04:59]} 24. Nd4 {[%emt 0:00:21]} g6 {[%emt 0:00:31]} 25. f4 {[%emt 0:03:00]} Bc5 {[%emt 0:05:06]} 26. Nf5 {[%emt 0:01:18]} d4 {[%emt 0:02:07]} 27. exd4 {[%emt 0:00:41]} Bxd4 {[%emt 0:01:24]} 28. Qh6 {[%emt 0:00:23]} Ne4 {[%emt 0:00:56]} 29. Nxd4 {[%emt 0:00:38]} Qxd4 {[%emt 0:00:10]} 30. Qh4 {[%emt 0:00:07]} Nd2+ {[%emt 0:00:31]} 0-1

[Event "FIDE Womens Grand Prix 2019-20"]
[Site "Skolkovo"]
[Date "2019.09.21"]
[Round "10.4"]
[White "Paehtz, Elisabeth"]
[Black "Sebag, Marie"]
[Result "1/2-1/2"]
[WhiteElo "2479"]
[BlackElo "2450"]
[Annotator "ChessBase"]
[PlyCount "64"]
[EventDate "2019.09.11"]
[EventType "tourn"]
[EventCountry "RUS"]
[SourceTitle "playchess.com"]
[Source "ChessBase"]
[SourceQuality "1"]
[TimeControl "40/5400+30:1800+30"]

1. e4 {[%emt 0:00:00]} c5 {[%emt 0:00:00]} 2. Nf3 {[%emt 0:00:00]} d6 {[%emt 0:00:00]} 3. Bb5+ {[%emt 0:00:00]} Nd7 {[%emt 0:00:33]} 4. Ba4 {[%emt 0:00:00]} Ngf6 {[%emt 0:02:19]} 5. O-O {[%emt 0:00:00]} a6 {[%emt 0:01:13]} 6. c4 {[%emt 0:00:00]} e6 {[%emt 0:01:34]} 7. Nc3 {[%emt 0:00:00]} Be7 {[%emt 0:03:39]} 8. d3 {[%emt 0:02:00]} O-O {[%emt 0:01:21]} 9. h3 {[%emt 0:06:17]} Qc7 {[%emt 0:05:05]} 10. Bf4 {[%emt 0:00:14]} b6 {[%emt 0:02:44]} 11. Qe2 {[%emt 0:10:49]} Bb7 {[%emt 0:04:03]} 12. Bh2 {[%emt 0:01:54]} Rac8 {[%emt 0:02:36]} 13. Nd2 {[%emt 0:05:04]} Ne5 {[%emt 0:03:35]} 14. f4 {[%emt 0:00:55]} Nc6 {[%emt 0:00:10]} 15. Nf3 {[%emt 0:01:34]} Nd7 {[%emt 0:08:01]} 16. Rae1 {[%emt 0:07:27]} Nd4 {[%emt 0:03:48]} 17. Nxd4 {[%emt 0:06:37]} cxd4 {[%emt 0:04:24]} 18. Nb1 {[%emt 0:00:02]} b5 {[%emt 0:04:12]} 19. cxb5 {[%emt 0:01:04]} Nc5 {[%emt 0:01:00]} 20. Bd1 {[%emt 0:01:19]} Qa5 {[%emt 0:10:14]} 21. Na3 {[%emt 0:07:33]} axb5 {[%emt 0:02:22]} 22. f5 {[%emt 0:02:15]} e5 {[%emt 0:02:04]} 23. f6 {[%emt 0:00:21]} Bxf6 {[%emt 0:06:20]} 24. Rxf6 {[%emt 0:00:05]} gxf6 {[%emt 0:00:06]} 25. Rf1 {[%emt 0:03:09]} Kh8 {[%emt 0:12:49]} 26. Bg3 {[%emt 0:26:27]} Rg8 {[%emt 0:01:04]} 27. Bh4 {[%emt 0:00:03]} Nd7 {[%emt 0:01:30]} 28. Qf2 {[%emt 0:01:41]} Rc1 {[%emt 0:07:05]} 29. Bxf6+ {[%emt 0:01:47]} Nxf6 {[%emt 0:00:05]} 30. Qxf6+ {[%emt 0:00:03]} Rg7 {[%emt 0:00:04]} 31. Nxb5 {[%emt 0:02:55]} Qxb5 {[%emt 0:01:09]} 32. Qd8+ {[%emt 0:00:03]} Rg8 1/2-1/2

[Event "FIDE Womens Grand Prix 2019-20"]
[Site "Skolkovo"]
[Date "2019.09.21"]
[Round "10.5"]
[White "Gunina, Valentina"]
[Black "Harika, Dronavalli"]
[Result "1-0"]
[WhiteElo "2502"]
[BlackElo "2503"]
[Annotator "ChessBase"]
[PlyCount "105"]
[EventDate "2019.09.11"]
[EventType "tourn"]
[EventCountry "RUS"]
[SourceTitle "playchess.com"]
[Source "ChessBase"]
[SourceQuality "1"]
[TimeControl "40/5400+30:1800+30"]

1. d4 {[%emt 0:00:00]} d5 {[%emt 0:00:11]} 2. c4 {[%emt 0:00:00]} e6 {[%emt 0:00:10]} 3. Nf3 {[%emt 0:00:06]} Nf6 {[%emt 0:00:10]} 4. Nc3 {[%emt 0:00:23]} Be7 {[%emt 0:00:26]} 5. Bg5 {[%emt 0:00:31]} h6 {[%emt 0:00:35]} 6. Bh4 {[%emt 0:02:12]} O-O {[%emt 0:00:26]} 7. e3 {[%emt 0:00:11]} b6 {[%emt 0:00:31]} 8. cxd5 {[%emt 0:02:50]} Nxd5 {[%emt 0:00:29]} 9. Bxe7 {[%emt 0:00:33]} Qxe7 {[%emt 0:00:16]} 10. Nxd5 {[%emt 0:00:19]} exd5 {[%emt 0:00:08]} 11. Rc1 {[%emt 0:00:15]} Be6 {[%emt 0:00:17]} 12. Bd3 {[%emt 0:01:24]} c5 {[%emt 0:01:06]} 13. dxc5 {[%emt 0:02:04]} bxc5 {[%emt 0:01:10]} 14. O-O {[%emt 0:02:03]} Nd7 {[%emt 0:00:29]} 15. Qa4 {[%emt 0:01:28]} Rfb8 {[%emt 0:14:18]} 16. Bb5 {[%emt 0:07:35]} a5 {[%emt 0:22:45]} 17. Rfd1 {[%emt 0:02:02]} Ra7 {[%emt 0:13:48]} 18. b3 {[%emt 0:05:27]} c4 {[%emt 0:02:40]} 19. bxc4 {[%emt 0:04:44]} Nb6 {[%emt 0:00:04]} 20. Qc2 {[%emt 0:01:15]} Nxc4 {[%emt 0:01:08]} 21. Nd4 {[%emt 0:04:16]} Na3 {[%emt 0:01:03]} 22. Qd3 {[%emt 0:03:13]} Nxb5 {[%emt 0:00:25]} 23. Nxb5 {[%emt 0:01:21]} Rab7 {[%emt 0:01:39]} 24. Nd4 {[%emt 0:00:05]} Bd7 {[%emt 0:11:02]} 25. h3 {[%emt 0:03:01]} a4 {[%emt 0:02:36]} 26. a3 {[%emt 0:03:35]} Rb2 {[%emt 0:06:51]} 27. Rc2 {[%emt 0:09:22]} Qf6 {[%emt 0:07:46]} 28. Rdc1 {[%emt 0:06:49]} g6 {[%emt 0:01:00]} 29. Qc3 {[%emt 0:00:45]} Rxc2 {[%emt 0:00:10]} 30. Rxc2 {[%emt 0:01:03]} Qd6 {[%emt 0:01:00]} 31. Rc1 {[%emt 0:02:32]} Rc8 {[%emt 0:00:34]} 32. Qa1 {[%emt 0:01:07]} Rc4 {[%emt 0:03:00]} 33. Rd1 {[%emt 0:02:16]} Rc8 {[%emt 0:01:00]} 34. Ne2 {[%emt 0:03:13]} Bb5 {[%emt 0:01:57]} 35. Nf4 {[%emt 0:00:32]} Bc4 {[%emt 0:00:03]} 36. Nxd5 {[%emt 0:02:08]} Bxd5 {[%emt 0:00:13]} 37. e4 {[%emt 0:00:10]} Rc5 {[%emt 0:01:54]} 38. Qd4 {[%emt 0:00:43]} Rc8 {[%emt 0:00:24]} 39. exd5 {[%emt 0:00:07]} Qxa3 {[%emt 0:00:03]} 40. d6 {[%emt 0:00:00]} Qb3 {[%emt 0:00:00]} 41. d7 {[%emt 0:03:33]} Rd8 {[%emt 0:01:10]} 42. Re1 {[%emt 0:00:22]} Qb5 {[%emt 0:20:49]} 43. Re7 {[%emt 0:00:37]} a3 {[%emt 0:00:52]} 44. Qf6 {[%emt 0:00:33]} Qb1+ {[%emt 0:00:08]} 45. Kh2 {[%emt 0:00:04]} Qb8+ {[%emt 0:00:02]} 46. g3 {[%emt 0:01:49]} Rf8 {[%emt 0:00:03]} 47. Rxf7 {[%emt 0:01:16]} Rxf7 {[%emt 0:00:06]} 48. d8=Q+ {[%emt 0:00:12]} Qxd8 {[%emt 0:00:03]} 49. Qxd8+ {[%emt 0:00:08]} Kh7 {[%emt 0:00:31]} 50. Kg2 {[%emt 0:00:38]} Ra7 51. Qb6 {[%emt 0:00:17]} Ra4 {[%emt 0:00:38]} 52. Qc7+ {[%emt 0:00:07]} Kg8 {[%emt 0:00:08]} 53. Qd8+ {[%emt 0:00:05]} 1-0

[Event "FIDE Womens Grand Prix 2019-20"]
[Site "Skolkovo"]
[Date "2019.09.21"]
[Round "10.6"]
[White "Lagno, Kateryna"]
[Black "Koneru, Humpy"]
[Result "1/2-1/2"]
[WhiteElo "2545"]
[BlackElo "2560"]
[Annotator "ChessBase"]
[PlyCount "46"]
[EventDate "2019.09.11"]
[EventType "tourn"]
[EventCountry "RUS"]
[SourceTitle "playchess.com"]
[Source "ChessBase"]
[SourceQuality "1"]
[TimeControl "40/5400+30:1800+30"]

1. e4 {[%emt 0:00:00]} e5 {[%emt 0:00:00]} 2. Nf3 {[%emt 0:00:00]} Nf6 {[%emt 0:00:00]} 3. Nxe5 {[%emt 0:00:05]} d6 {[%emt 0:00:00]} 4. Nf3 {[%emt 0:00:04]} Nxe4 {[%emt 0:00:00]} 5. d4 {[%emt 0:00:03]} d5 {[%emt 0:00:15]} 6. Bd3 {[%emt 0:00:06]} Bf5 {[%emt 0:00:15]} 7. O-O {[%emt 0:00:21]} Be7 {[%emt 0:00:12]} 8. Re1 {[%emt 0:00:08]} O-O {[%emt 0:00:23]} 9. c4 {[%emt 0:00:34]} Nc6 {[%emt 0:00:24]} 10. cxd5 {[%emt 0:00:21]} Qxd5 {[%emt 0:00:09]} 11. Nc3 {[%emt 0:00:05]} Nxc3 {[%emt 0:00:11]} 12. bxc3 {[%emt 0:00:04]} Rae8 {[%emt 0:00:31]} 13. Bf4 {[%emt 0:00:22]} Bd8 {[%emt 0:00:09]} 14. Be2 {[%emt 0:00:21]} Be4 {[%emt 0:00:19]} 15. Qd2 {[%emt 0:00:43]} Qa5 {[%emt 0:26:34]} 16. Rad1 {[%emt 0:11:51]} Be7 {[%emt 0:10:13]} 17. Be3 {[%emt 0:32:08]} h6 {[%emt 0:23:54]} 18. Qb2 {[%emt 0:02:48]} Ba3 {[%emt 0:06:46]} 19. Qb3 {[%emt 0:00:52]} Bd5 {[%emt 0:00:11]} 20. Qc2 {[%emt 0:06:48]} Be4 {[%emt 0:00:09]} 21. Qb3 {[%emt 0:00:38]} Bd5 {[%emt 0:00:06]} 22. Qc2 {[%emt 0:06:12]} Be4 {[%emt 0:00:04]} 23. Qb3 {[%emt 0:00:02]} Bd5 {[%emt 0:00:06]} 1/2-1/2

[Event "FIDE Womens Grand Prix 2019-20"]
[Site "Skolkovo"]
[Date "2019.09.22"]
[Round "11.1"]
[White "Koneru, Humpy"]
[Black "Ju, Wenjun"]
[Result "1/2-1/2"]
[WhiteElo "2560"]
[BlackElo "2576"]
[Annotator "ChessBase"]
[PlyCount "70"]
[EventDate "2019.09.11"]
[EventType "tourn"]
[EventCountry "RUS"]
[SourceTitle "playchess.com"]
[Source "ChessBase"]
[SourceQuality "1"]
[TimeControl "40/5400+30:1800+30"]

1. d4 {[%emt 0:00:00]} Nf6 {[%emt 0:00:00]} 2. Nf3 {[%emt 0:00:00]} d5 {[%emt 0:00:00]} 3. c4 {[%emt 0:00:13]} e6 {[%emt 0:00:00]} 4. Nc3 {[%emt 0:00:31]} Bb4 {[%emt 0:00:02]} 5. Bg5 {[%emt 0:00:38]} h6 {[%emt 0:00:05]} 6. Bxf6 {[%emt 0:00:27]} Qxf6 {[%emt 0:00:03]} 7. Qb3 {[%emt 0:01:14]} c5 {[%emt 0:00:24]} 8. cxd5 {[%emt 0:00:38]} exd5 {[%emt 0:00:04]} 9. a3 {[%emt 0:00:10]} Bxc3+ {[%emt 0:00:04]} 10. Qxc3 {[%emt 0:00:05]} b6 {[%emt 0:01:26]} 11. e3 {[%emt 0:02:48]} Nd7 {[%emt 0:00:46]} 12. Be2 {[%emt 0:03:39]} O-O {[%emt 0:00:39]} 13. O-O {[%emt 0:01:03]} Bb7 {[%emt 0:00:22]} 14. Bb5 {[%emt 0:07:44]} Rfd8 {[%emt 0:06:36]} 15. Rfc1 {[%emt 0:07:22]} c4 {[%emt 0:10:36]} 16. Bxd7 {[%emt 0:03:23]} Rxd7 {[%emt 0:00:03]} 17. b3 {[%emt 0:01:11]} Rc8 {[%emt 0:05:25]} 18. Nd2 {[%emt 0:04:53]} cxb3 {[%emt 0:06:57]} 19. Qxb3 {[%emt 0:07:49]} Rdc7 {[%emt 0:00:02]} 20. Qb2 {[%emt 0:00:14]} Qd6 {[%emt 0:04:07]} 21. Nb3 {[%emt 0:02:10]} Ba6 {[%emt 0:03:02]} 22. Rxc7 {[%emt 0:05:45]} Rxc7 {[%emt 0:00:03]} 23. h3 {[%emt 0:00:23]} Bd3 {[%emt 0:11:05]} 24. Rc1 {[%emt 0:01:24]} Rxc1+ {[%emt 0:00:03]} 25. Qxc1 {[%emt 0:04:58]} a5 {[%emt 0:03:22]} 26. Qc3 {[%emt 0:07:11]} Qxa3 {[%emt 0:03:26]} 27. Qxd3 {[%emt 0:00:11]} a4 {[%emt 0:13:07]} 28. Qa6 Kh7 29. Nc5 {[%emt 0:04:38]} bxc5 {[%emt 0:01:52]} 30. dxc5 {[%emt 0:00:06]} d4 {[%emt 0:11:52]} 31. exd4 {[%emt 0:02:28]} Qa1+ {[%emt 0:00:07]} 32. Kh2 {[%emt 0:00:09]} Qxd4 {[%emt 0:00:04]} 33. c6 {[%emt 0:01:12]} Qf4+ {[%emt 0:03:51]} 34. Kg1 {[%emt 0:00:06]} Qc1+ {[%emt 0:00:04]} 35. Kh2 {[%emt 0:00:04]} Qf4+ {[%emt 0:00:24]} 1/2-1/2

[Event "FIDE Womens Grand Prix 2019-20"]
[Site "Skolkovo"]
[Date "2019.09.22"]
[Round "11.2"]
[White "Harika, Dronavalli"]
[Black "Lagno, Kateryna"]
[Result "1/2-1/2"]
[WhiteElo "2503"]
[BlackElo "2545"]
[Annotator "ChessBase"]
[PlyCount "60"]
[EventDate "2019.09.11"]
[EventType "tourn"]
[EventCountry "RUS"]
[SourceTitle "playchess.com"]
[Source "ChessBase"]
[SourceQuality "1"]
[TimeControl "40/5400+30:1800+30"]

1. Nf3 {[%emt 0:00:00]} Nf6 {[%emt 0:00:00]} 2. g3 {[%emt 0:00:00]} g6 {[%emt 0:00:05]} 3. Bg2 {[%emt 0:00:00]} Bg7 {[%emt 0:00:18]} 4. O-O {[%emt 0:00:09]} O-O {[%emt 0:00:41]} 5. c4 {[%emt 0:00:21]} d5 {[%emt 0:00:47]} 6. cxd5 {[%emt 0:00:44]} Nxd5 {[%emt 0:00:24]} 7. d4 {[%emt 0:00:18]} Nb6 {[%emt 0:00:58]} 8. Nc3 {[%emt 0:00:40]} Nc6 {[%emt 0:00:05]} 9. e3 {[%emt 0:00:16]} Re8 {[%emt 0:00:10]} 10. h3 {[%emt 0:01:55]} a5 {[%emt 0:00:15]} 11. d5 {[%emt 0:01:58]} Ne5 {[%emt 0:00:53]} 12. Nxe5 {[%emt 0:01:54]} Bxe5 {[%emt 0:00:04]} 13. e4 {[%emt 0:01:15]} e6 {[%emt 0:01:13]} 14. Bh6 {[%emt 0:06:29]} exd5 {[%emt 0:04:26]} 15. exd5 {[%emt 0:00:17]} Nc4 {[%emt 0:07:23]} 16. Qc1 {[%emt 0:06:44]} Nd6 17. Re1 {[%emt 0:02:03]} Bd7 {[%emt 0:11:18]} 18. Bg5 {[%emt 0:06:18]} Bf6 {[%emt 0:00:45]} 19. Rxe8+ {[%emt 0:00:13]} Bxe8 {[%emt 0:00:21]} 20. Bxf6 {[%emt 0:01:35]} Qxf6 {[%emt 0:00:05]} 21. Ne4 {[%emt 0:01:50]} Nxe4 {[%emt 0:04:23]} 22. Bxe4 {[%emt 0:00:10]} c6 {[%emt 0:02:07]} 23. dxc6 {[%emt 0:06:00]} Bxc6 {[%emt 0:00:10]} 24. Bxc6 {[%emt 0:00:06]} Rc8 {[%emt 0:00:45]} 25. Qd2 {[%emt 0:00:25]} Rxc6 {[%emt 0:00:07]} 26. Rc1 {[%emt 0:00:55]} Rxc1+ {[%emt 0:00:50]} 27. Qxc1 {[%emt 0:00:04]} Qe6 {[%emt 0:00:32]} 28. h4 {[%emt 0:00:15]} Qxa2 {[%emt 0:00:57]} 29. Qc8+ {[%emt 0:00:05]} Kg7 {[%emt 0:00:04]} 30. Qxb7 {[%emt 0:00:03]} h5 {[%emt 0:00:26]} 1/2-1/2

[Event "FIDE Womens Grand Prix 2019-20"]
[Site "Skolkovo"]
[Date "2019.09.22"]
[Round "11.3"]
[White "Sebag, Marie"]
[Black "Gunina, Valentina"]
[Result "1/2-1/2"]
[WhiteElo "2450"]
[BlackElo "2502"]
[Annotator "TA"]
[PlyCount "257"]
[EventDate "2019.09.11"]
[EventType "tourn"]
[EventCountry "RUS"]
[SourceTitle "playchess.com"]
[Source "ChessBase"]
[SourceQuality "1"]

{[%evp 12,257,31,26,32,29,27,21,39,21,37,33,39,32,34,32,33,25,31,35,35,7,11,0,33,35,89,0,0,0,29,0,0,0,0,0,0,-16,0,0,0,0,-20,-6,0,-19,0,0,14,0,26,-12,-10,-12,-13,-19,-12,-54,-49,-62,-55,-86,-67,-73,-81,-111,-111,-120,-120,-120,-110,-115,-107,-112,-106,-108,-108,-169,-87,-134,-97,-103,-81,-79,-56,-97,-95,-116,-103,-136,-127,-141,-150,-190,-186,-175,-128,-128,-111,-112,-112,-112,-77,-77,-77,-139,-69,-69,0,0,0,0,0,0,0,0,0,0,0,-3,0,0,0,0,-8,-5,0,-8,-8,-8,-8,-20,-8,-8,-8,-8,-8,-8,-8,-8,-8,-8,-8,-68,-68,-68,-68,-68,-68,-68,-68,-68,-68,-68,-68,-68,-68,-68,-68,-68,-68,-68,-64,-64,-64,-68,0,-64,-64,-65,0,-68,-68,-68,0,-68,0,-68,-68,-68,-68,-68,-64,-64,-64,-68,-64,-68,-64,-68,-61,-61,-61,-64,-58,-61,-56,-63,-21,-21,-8,-8,-8,-8,-8,-8,0,0,0,-8,0,-8,0,-8,0,0,0,0,0,0,0,0,0,0,0,0,0,0,0,0,0,0,0,0,0,0,0,0,0,0,0,0,0,0,0,0,0,0]} 1. e4 c6 2. d4 d5 3. e5 Bf5 4. Nf3 e6 5. Be2 Nd7 6. O-O h6 7. Nbd2 Ne7 {B12: Caro-Kann: Advance Variation} 8. c3 a5 9. a4 Bh7 10. Nb3 Qc7 11. Bd2 Ng6 12. c4 dxc4 13. Bxc4 Be7 14. Rc1 O-O 15. Bd3 Qb6 16. Be3 Qd8 17. Bd2 {[#]} Qb6 $146 ({Predecessor:} 17... Bb4 18. Bxb4 axb4 {1-0 (48) So,W (2705)-Margvelashvili,G (2548) Kazan 2013}) 18. Qc2 Rfc8 (18... Rfd8 $14) 19. Be3 (19. d5 $1 $16 {[%cal Rd5e6]} exd5 20. e6 $1 {[%mdl 512]}) 19... Qc7 $11 20. Bd2 Qd8 21. Be3 Nb6 22. Nc5 Bxc5 23. dxc5 Nd5 24. Bd2 Qc7 25. h4 Rd8 26. h5 Nf8 27. Bxh7+ Nxh7 28. Rfe1 Qe7 29. Re4 f5 30. exf6 Nhxf6 31. Re5 Nd7 {White must now prevent ...Nb4.} 32. Re2 Rf8 33. Qc4 Rf5 34. Qg4 Qf7 $1 35. Qg6 N5f6 36. Nd4 Rxh5 37. Qxf7+ Kxf7 38. Nxe6 {[#]} Re8 $1 {[%cal Re8e6]} 39. Rce1 Nxc5 40. Nxc5 Rxe2 41. Rxe2 Rxc5 $17 {[%mdl 4096] Endgame KRB-KRN} 42. b4 Rc4 43. bxa5 Rxa4 44. Be1 {[#]} (44. Kf1 $17) 44... Ne4 (44... Re4 $1 $19 {[%cal Re4e2]} 45. Kf1 Rxe2 46. Kxe2 Ke6) 45. Rb2 Nc5 46. Bd2 Ra1+ 47. Kh2 Ra3 48. Rb4 Rb3 49. Rc4 Nd3 50. a6 bxa6 51. Rxc6 Nxf2 52. Bc3 Ng4+ 53. Kh3 Nf6 54. g3 Ra3 55. Rc7+ Kg6 56. Bb4 Ra2 {...h5 is the strong threat.} 57. Bf8 Nh5 58. Bd6 (58. Ra7 $142) 58... Rf2 (58... Rd2 $17 59. Bb4 Rd4) 59. Ra7 $15 Ra2 ({Black should try} 59... Re2 $15) 60. g4 Nf6 {And now ...Ne4 would win.} 61. Bf8 {[%csl Gf8][%cal Ra7g7]} Ne4 62. Rxg7+ Kf6 {Hoping for ...Ng5+.} 63. Rb7 Kg5 64. Rg7+ Kf6 {Strongly threatening ...Ng5+.} 65. Rb7 Ng5+ 66. Kg3 Ne4+ 67. Kh3 Ra4 68. Rb6+ Ke5 69. Bxh6 Nf2+ 70. Kg3 Nxg4 71. Bd2 Kf5 72. Kf3 Ne5+ 73. Ke2 $1 Ra2 74. Rb4 a5 75. Rf4+ Ke6 76. Kd1 Kd5 {[#]} (76... Nd7 {looks sharper.} 77. Rd4 Nc5 78. Bc3 Nb3 79. Re4+ Kd5) 77. Bxa5 $1 {[%mdl 512]} Rxa5 $11 {KRN-KR} 78. Kd2 Ra3 79. Rf8 Ke4 80. Re8 Rh3 81. Kc2 Kd4 82. Rd8+ Kc5 83. Rc8+ Nc6 84. Kd2 Kd5 85. Rg8 Kc4 86. Rc8 Rh6 87. Ke3 $1 Re6+ 88. Kd2 Rh6 89. Ke3 $1 Kd5 90. Rg8 Rh3+ 91. Kd2 $1 Ra3 92. Rh8 Ne5 (92... Rg3 $15) 93. Rd8+ (93. Rf8 $1 $11) 93... Ke4 94. Re8 Rd3+ 95. Ke2 Rd7 96. Ra8 Nc4 97. Re8+ Kd4 98. Ra8 Re7+ 99. Kf2 Nb2 100. Rd8+ Kc3 101. Kf3 Nd3 102. Rc8+ Kd2 103. Rd8 Re5 104. Ra8 Re3+ 105. Kg4 {The position is equal.} Re4+ 106. Kf5 $1 Ke3 107. Ra3 Re5+ 108. Kf6 Rb5 109. Ke6 Ke4 110. Ra4+ Nb4 111. Ra1 Rb6+ 112. Kf7 Nd3 113. Ke7 Rh6 114. Ra4+ Kf5 115. Ra1 Re6+ 116. Kd7 Ne5+ 117. Kc7 Rc6+ 118. Kb7 Rc2 119. Re1 Ke6 120. Kb6 Rc3 121. Rh1 Kd6 122. Rh6+ Kd5 123. Rh5 Rc1 124. Kb7 Kd6 125. Rh6+ Ke7 126. Rh7+ Nf7 127. Kb6 Ke6 128. Rh2 Nd8 129. Re2+ {Accuracy: White = 70%, Black = 58%.} 1/2-1/2